Loading...

Chuvanna chihnangal /

Bibliographic Details
Main Author: Sukumaran, M
Format: Printed Book
Published: Kottayam : D C books, 2004.
Subjects:
LEADER 00443nam a22001337a 4500
020 |a 812641457X 
082 |a 855.43  |b SUK.C 
100 |a Sukumaran, M 
245 |a Chuvanna chihnangal /  |c by M Sukumaran 
260 |a Kottayam :  |b D C books,  |c 2004. 
650 |a Malayalam novel 
942 |c BK 
999 |c 316447  |d 316447 
952 |0 0  |1 0  |4 0  |6 855_430000000000000_SUK_C  |7 0  |8 MAL  |9 338445  |a POL  |b POL  |c GEN  |d 2020-12-03  |l 0  |o 855.43 SUK.C  |p POL21096  |r 2020-12-03  |w 2020-12-03  |y BK